Datum a čas kvízu
29.5
Celkem bodů
Celkový počet nahraných bodů na tomto kvízu bez doplňovacích otázek.
8.
Pořadí na kvízu
Konečné umístění týmu na tomto kvízu.
Zaznamenané odpovědi
| # | Otázka | Odpověď | Body | Výsledky |
|---|---|---|---|---|
| 1. | Obličej kterého politika byl v... | Petra Macinky | 1 | |
| 2. | Balendra Šáh se v pátek stal p... | A | 1 | |
| 3. | Díky novým technologiím se za... | Val Kilmer | 1 | |
| 4. | Společnost Allwyn AG vstoupila... | Karel Komárek | 0 | |
| 5. | Po 33 letech se do České repub... | Kaori Sakamoto; Ilia Malinin | 1 | |
| 6. | „Jaké je hlavní město Gabonské... | D | 0 | |
| 7. | AZ Kvíz se na obrazovkách obje... | 1 100 Kč | 1 | |
| 8. | Doplňte tři slova do sloganu s... | který vám zaplatí | 1 | |
| 9. | Pod kterým názvem jsme mohli z... | Rejžuj! | 0 | |
| 10. | Kdo byl moderátorem soutěže, j... | Marek Eben, Valtice | 0.5 |